000 00830nab a2200253 u 4500
001 14166
003 HDC
007 cr bn ---aaaaa
008 210214c my dr|nes 0 |0may
040 _aHDC
100 _aHAJAHFARHANA TARMUDI,
_eauthor
_914768
245 0 _aCuba paella Sepanyol /
_cby HAJAHFARHANA TARMUDI
260 _a[no place] :
_b[publisher not identified],
_c[no year]
336 _atext
_2rdacontent
337 _acomputer
_2rdamedia
338 _aonline resource
_2rdacarrier
650 _aHalal certificate
_9482
650 _aRestaurant
_99782
710 _aMY METRO
856 _zRequest full-text at [email protected]
942 _2lcc
942 _cNEWS
942 _kNWSO 004434
999 _c11482
_d11482